[Event "Prva liga Centralne Srbije"]
[Site "Kragujevac"]
[Date "2006.09.16"]
[Round "2.1"]
[White "Pavlovic, Goran"]
[Black "Misailovic, Nebojsa"]
[Result "1/2-1/2"]
[WhiteElo "2363"]
[BlackElo "2348"]
[PlyCount "93"]
[EventDate "2006.09.16"]

1. d4 Nf6 2. Nf3 g6 3. c4 Bg7 4. Nc3 d5 5. Bf4 O-O 6. e3 c5 7. dxc5 Qa5 8. Rc1
Ne4 9. cxd5 Nd7 10. Nd4 Ndxc5 11. Be2 Nxc3 12. bxc3 Qxa2 13. Bf3 Qa6 14. Be2
Qa2 15. Bf3 e5 16. dxe6 Nxe6 17. Bg3 Ng5 18. O-O Nxf3+ 19. Qxf3 Qc4 20. Bh4 a5
21. Be7 Re8 22. Ba3 a4 23. Qe2 Qxe2 24. Nxe2 Be6 25. Nd4 Bc4 26. Rfd1 Rec8 27.
Ra1 Ra6 28. Rdc1 f5 29. g3 Bd3 30. Kg2 g5 31. Bb4 f4 32. Rd1 Bc4 33. Nf5 Bf8
34. exf4 gxf4 35. Rd4 fxg3 36. Bxf8 gxf2 37. Ne7+ Kxf8 38. Nxc8 f1=Q+ 39. Rxf1+
Bxf1+ 40. Kxf1 a3 41. Rd1 a2 42. Ra1 Ke8 43. Ke2 Kd7 44. Nb6+ Rxb6 45. Rxa2 Rh6
46. Kd3 Kc6 47. Kc4 1/2-1/2

[Event "Prva liga Centralne Srbije"]
[Site "Kragujevac"]
[Date "2006.09.16"]
[Round "2.1"]
[White "Radovanovic, Dusan"]
[Black "Aleksic, Nenad"]
[Result "1/2-1/2"]
[WhiteElo "2380"]
[BlackElo "2392"]
[PlyCount "38"]
[EventDate "2006.09.16"]

1. e4 c5 2. Nf3 d6 3. d4 cxd4 4. Nxd4 Nf6 5. Nc3 a6 6. Bg5 e6 7. f4 Qb6 8. Nb3
Be7 9. Qd2 Nbd7 10. O-O-O Qc7 11. Be2 b5 12. Bf3 b4 13. Na4 Rb8 14. Nd4 Bb7 15.
Qxb4 Bxe4 16. Qc3 Qxc3 17. Nxc3 Bxf3 18. Nxf3 O-O 19. Rhe1 Rfc8 1/2-1/2

[Event "Prva liga Centralne Srbije"]
[Site "Kragujevac"]
[Date "2006.09.16"]
[Round "2.1"]
[White "Novoselski, Zoran"]
[Black "Pavlovic, S  Dejan"]
[Result "1/2-1/2"]
[WhiteElo "2351"]
[BlackElo "2340"]
[PlyCount "146"]
[EventDate "2006.09.16"]

1. d4 d5 2. c4 c6 3. cxd5 cxd5 4. Nc3 Nf6 5. Bf4 Nc6 6. e3 a6 7. Bd3 Bg4 8.
Nge2 e6 9. O-O Bd6 10. f3 Bh5 11. Rc1 O-O 12. g4 Bg6 13. Bxg6 hxg6 14. Bxd6
Qxd6 15. g5 Nd7 16. f4 Ne7 17. Rf3 Nf5 18. Qe1 Nb6 19. Ng3 Nh4 20. Rf1 Qb4 21.
Nge4 Nf5 22. Nc5 Nc4 23. Nd1 Qxe1 24. Rxe1 b6 25. Nd3 Rfc8 26. Re2 f6 27. gxf6
gxf6 28. Rec2 Kf7 29. b3 Ncd6 30. Rc7+ Ne7 31. Nb4 a5 32. Rxc8 Rxc8 33. Rxc8
Ndxc8 34. Nd3 Nd6 35. Nc3 Nef5 36. Kf2 Ke7 37. Ke2 Kd7 38. Nf2 b5 39. Kd3 Nh4
40. a4 Kc6 41. axb5+ Nxb5 42. Ng4 Nf3 43. Na4 f5 44. Ne5+ Nxe5+ 45. fxe5 g5 46.
Nc5 Nc7 47. Kc3 Kb5 48. Kb2 Kb4 49. Nd3+ Kb5 50. Ne1 Kb4 51. Nf3 g4 52. Ne1 a4
53. Nd3+ Kb5 54. Ka3 axb3 55. Kxb3 Ka5 56. Nc5 Kb5 57. Kc3 Ka5 58. Kd2 Kb4 59.
Nd3+ Kb5 60. Ke2 Kc4 61. Nf4 Kc3 62. h4 gxh3 63. Nxh3 Nb5 64. Kf3 Nc7 65. Kf4
Kd2 66. Ng5 Kd3 67. Nh7 Ke2 68. Nf8 Kf2 69. Nd7 Ke2 70. Nc5 Kd2 71. Nxe6 Nxe6+
72. Kxf5 Nc7 73. e4 Kd3 1/2-1/2

[Event "Prva liga Centralne Srbije"]
[Site "Kragujevac"]
[Date "2006.09.16"]
[Round "2.1"]
[White "Civric, Zdravko"]
[Black "Lazic, Dragoljub"]
[Result "0-1"]
[WhiteElo "2205"]
[BlackElo "2325"]
[PlyCount "76"]
[EventDate "2006.09.16"]

1. e4 c5 2. Nf3 d6 3. d4 cxd4 4. Nxd4 Nf6 5. Nc3 a6 6. g3 e5 7. Nb3 Be7 8. Bg2
O-O 9. O-O Nbd7 10. a4 b6 11. Bg5 h6 12. Bxf6 Nxf6 13. Qd3 Be6 14. Nd5 Nxd5 15.
exd5 Bd7 16. Nd2 f5 17. Qb3 Kh8 18. Nc4 Rb8 19. Qa3 b5 20. axb5 Bxb5 21. b3 Qc7
22. Qa5 Qc5 23. Rfd1 f4 24. g4 Bh4 25. Rd2 f3 26. Bf1 Bg5 27. Rdd1 Qc8 28. h3
Qd7 29. Nxe5 dxe5 30. c4 Rf4 31. Qc3 Rxg4+ 32. Kh1 e4 33. hxg4 Bf6 34. Qb4 Be5
35. Bh3 Qd8 36. Qe1 Qh4 37. Qf1 Bd7 38. Rxa6 Bxg4 0-1

[Event "Prva liga Centralne Srbije"]
[Site "Kragujevac"]
[Date "2006.09.16"]
[Round "2.1"]
[White "Cvetic, Milan"]
[Black "Milosevic, Slavisa"]
[Result "1/2-1/2"]
[WhiteElo "2123"]
[BlackElo "2294"]
[PlyCount "62"]
[EventDate "2006.09.16"]

1. e4 c5 2. Nf3 e6 3. d4 cxd4 4. Nxd4 Bc5 5. Nb3 Bb6 6. Nc3 Ne7 7. Bg5 Nbc6 8.
Qd2 a6 9. O-O-O O-O 10. f4 Bc7 11. e5 f6 12. exf6 gxf6 13. Bh6 Rf7 14. g4 d5
15. f5 exf5 16. gxf5 Nxf5 17. Nxd5 Bd6 18. Bf4 Ne5 19. Nd4 Bc5 20. Nxf5 Bxf5
21. Qe1 Rc8 22. Rd2 Qe8 23. Nxf6+ Rxf6 24. Bxe5 Bd6 25. Bc4+ Rxc4 26. Bxf6
Qxe1+ 27. Rxe1 Bf4 28. c3 Re4 29. Rxe4 Bxe4 30. Kd1 Bxd2 31. Kxd2 Kf7 1/2-1/2

[Event "Prva liga Centralne Srbije"]
[Site "Gornji Milanovac"]
[Date "2006.09.16"]
[Round "2.2"]
[White "Sredojevic, Ivan"]
[Black "Cabarkapa, Miomir"]
[Result "1-0"]
[WhiteElo "2349"]
[BlackElo "2214"]
[PlyCount "47"]
[EventDate "2006.09.16"]

1. e4 e6 2. d4 d5 3. Nc3 dxe4 4. Nxe4 Nd7 5. Nf3 Ngf6 6. Nxf6+ Nxf6 7. c3 Be7
8. Be3 O-O 9. Bd3 b6 10. Qe2 Bb7 11. O-O c5 12. Rad1 Qc8 13. dxc5 bxc5 14. Ne5
Rd8 15. Bg5 Qc7 16. Rfe1 Bd6 17. f4 Be7 18. Nxf7 Rxd3 19. Rxd3 c4 20. Nd6 cxd3
21. Qxe6+ Kh8 22. Nf7+ Kg8 23. Nh6+ Kh8 24. Qg8+ 1-0

[Event "Prva liga Centralne Srbije"]
[Site "Gornji Milanovac"]
[Date "2006.09.16"]
[Round "2.2"]
[White "Jovcic, Zoran"]
[Black "Rabrenovic, Vladan"]
[Result "0-1"]
[WhiteElo "2172"]
[BlackElo "2320"]
[PlyCount "86"]
[EventDate "2006.09.16"]

1. e4 d6 2. d4 Nf6 3. Nc3 c6 4. f4 d5 5. e5 Ng8 6. Bd3 g6 7. Nf3 h5 8. h3 Nh6
9. Ne2 Bf5 10. c3 e6 11. Be3 h4 12. Bf2 Be7 13. Nc1 Bxd3 14. Nxd3 Nf5 15. a4 a5
16. Nh2 Nd7 17. Ng4 Rc8 18. Qe2 b6 19. b4 Kf8 20. O-O Kg7 21. Rfb1 Qc7 22. Rb3
Ra8 23. Qc2 Ra7 24. Rb2 Rc8 25. Qd2 Qb8 26. Qe1 Qa8 27. Rba2 c5 28. dxc5 bxc5
29. bxc5 Nxc5 30. Nxc5 Bxc5 31. Bxc5 Rxc5 32. Rb2 Rac7 33. Rb3 Rb7 34. Rab1
Rxb3 35. Rxb3 Rc4 36. Qf2 Rxa4 37. Rb1 Qc6 38. Nf6 Qxc3 39. Ne8+ Kf8 40. Qb6
Rb4 41. Rxb4 Qxb4 42. Qd8 Qe7 43. Qa8 Qxe8 0-1

[Event "Prva liga Centralne Srbije"]
[Site "Gornji Milanovac"]
[Date "2006.09.16"]
[Round "2.2"]
[White "Gajic, Branko"]
[Black "Irizanin, Radoje"]
[Result "0-1"]
[WhiteElo "2171"]
[BlackElo "2301"]
[PlyCount "80"]
[EventDate "2006.09.16"]

1. e4 c5 2. Nf3 d6 3. d4 cxd4 4. Nxd4 Nf6 5. f3 Nc6 6. c4 Qb6 7. Nc2 g6 8. Nc3
Bg7 9. Rb1 O-O 10. Be3 Qc7 11. Be2 Ne5 12. Na3 Bd7 13. O-O a6 14. Qd2 Bc6 15.
Rfc1 e6 16. Bf1 Nh5 17. Qf2 f5 18. exf5 Rxf5 19. Nc2 Bxf3 20. gxf3 Nxf3+ 21.
Kh1 Be5 22. Bh3 Raf8 23. Bxf5 Rxf5 24. Bb6 Qc6 25. Nb4 Ng3+ 26. Qxg3 Qxb6 27.
Nbd5 exd5 28. Nxd5 Qd8 29. Qg4 Nxh2 30. Qh3 Nf3 31. Kg2 Qf8 32. Rf1 Rg5+ 33.
Kh1 Rh5 34. Qxh5 gxh5 35. Kg2 Nh4+ 36. Kh3 Qg7 37. Rg1 Ng6 38. Rbf1 Qd7+ 39.
Kg2 Qg4+ 40. Kf2 Bd4+ 0-1

[Event "Prva liga Centralne Srbije"]
[Site "Gornji Milanovac"]
[Date "2006.09.16"]
[Round "2.2"]
[White "Mirkovic, Stevan"]
[Black "Dragasevic, Dragan"]
[Result "0-1"]
[WhiteElo "2214"]
[BlackElo "2149"]
[PlyCount "88"]
[EventDate "2006.09.16"]

1. Nf3 d6 2. d4 Nf6 3. c4 g6 4. Nc3 Bg7 5. e4 O-O 6. Be2 Bg4 7. O-O Nc6 8. Be3
Re8 9. d5 Bxf3 10. Bxf3 Ne5 11. Be2 c5 12. f4 Ned7 13. g4 Rf8 14. Qe1 Ne8 15.
Qh4 Nc7 16. Rf3 e6 17. g5 Re8 18. Rh3 Nf8 19. dxe6 fxe6 20. Rd1 Qe7 21. Bd3 Qf7
22. Bd2 Rad8 23. Rf1 a6 24. f5 Be5 25. Ne2 Re7 26. Bc3 b5 27. fxg6 Qxg6 28.
Bxe5 dxe5 29. Nc3 Red7 30. Be2 Rf7 31. Rxf7 Qxf7 32. Rf3 Qg7 33. cxb5 Ng6 34.
Qf2 axb5 35. Qxc5 Nf4 36. Bxb5 Nxb5 37. Qxb5 Qa7+ 38. Kf1 Qd4 39. Ne2 Qd1+ 40.
Kf2 Nxe2 41. Qxe2 Rd2 42. Re3 Rxe2+ 43. Rxe2 Kf7 44. a3 Qd3 0-1

[Event "Prva liga Centralne Srbije"]
[Site "Gornji Milanovac"]
[Date "2006.09.16"]
[Round "2.2"]
[White "Jocovic, Slobodan"]
[Black "Radivojevic, Miladin"]
[Result "0-1"]
[WhiteElo "2252"]
[BlackElo "2180"]
[PlyCount "70"]
[EventDate "2006.09.16"]

1. d4 Nf6 2. c4 g6 3. Nc3 Bg7 4. Nf3 O-O 5. e4 d6 6. h3 Nc6 7. d5 Nb4 8. a3 Na6
9. Be3 Nc5 10. Qc2 e6 11. Be2 exd5 12. cxd5 Re8 13. Nd2 Qe7 14. Bf3 Nfxe4 15.
Ncxe4 Nxe4 16. Bxe4 f5 17. f3 fxe4 18. fxe4 Bf5 19. O-O-O Bxe4 20. Nxe4 Qxe4
21. Rd3 c5 22. dxc6 bxc6 23. Rhd1 c5 24. Bg5 h6 25. Be3 c4 26. Rxd6 Qxc2+ 27.
Kxc2 Rxe3 28. Rxg6 Re2+ 29. Kc1 Kf7 30. Rg4 Bxb2+ 31. Kb1 h5 32. Rd7+ Kf8 33.
Rg5 Bf6 34. Rxh5 Kg8 35. Rf5 Be7 0-1

[Event "Prva liga Centralne Srbije"]
[Site "Zvecan"]
[Date "2006.09.16"]
[Round "2.3"]
[White "Milosavljevic, Milisav"]
[Black "Simic, Dragisa"]
[Result "0-1"]
[WhiteElo "2185"]
[BlackElo "2332"]
[PlyCount "100"]
[EventDate "2006.09.16"]

1. Nf3 Nf6 2. c4 g6 3. g3 Bg7 4. Bg2 O-O 5. O-O d6 6. d4 c5 7. dxc5 dxc5 8. Ne5
Qa5 9. Nc3 Rd8 10. Qb3 Qc7 11. Bf4 Qb6 12. Rad1 Nbd7 13. Nxd7 Rxd7 14. Rxd7
Nxd7 15. Rd1 e5 16. Be3 Bf8 17. Nd5 Qxb3 18. axb3 Rb8 19. Bg5 b5 20. cxb5 Rxb5
21. Nc7 Rxb3 22. Bc6 h6 23. Be3 Nb8 24. Rd8 Nxc6 25. Rxc8 Rb8 26. Rxb8 Nxb8 27.
Kf1 Nc6 28. Bd2 e4 29. Bc3 f5 30. f3 exf3 31. exf3 Kf7 32. Ke2 c4 33. Nd5 Bc5
34. Ne3 Bxe3 35. Kxe3 a5 36. h4 a4 37. Kf4 Ke6 38. Bg7 Ne5 39. Bf8 c3 40. bxc3
Nc4 41. g4 fxg4 42. Kxg4 a3 43. Bxa3 Nxa3 44. f4 Nc4 45. h5 Ne3+ 46. Kf3 Nf5
47. hxg6 Kf6 48. c4 h5 49. c5 Kxg6 50. Kg2 Kf6 0-1

[Event "Prva liga Centralne Srbije"]
[Site "Zvecan"]
[Date "2006.09.16"]
[Round "2.3"]
[White "Pavlovic, Nebojsa"]
[Black "Djakovac, Enes"]
[Result "1-0"]
[WhiteElo "2336"]
[BlackElo "2219"]
[PlyCount "104"]
[EventDate "2006.09.16"]

1. e4 e5 2. Nf3 Nc6 3. Bb5 a6 4. Bxc6 dxc6 5. O-O Bg4 6. h3 Bxf3 7. Qxf3 Qd7 8.
d3 f6 9. Nd2 g5 10. Nc4 h5 11. Ne3 O-O-O 12. Qf5 Bc5 13. Qxd7+ Rxd7 14. Nf5 Ne7
15. Nxe7+ Bxe7 16. Be3 c5 17. g3 h4 18. Kg2 Bd6 19. Rfd1 Rdh7 20. g4 Rd7 21.
Kf3 Rhd8 22. Ke2 c6 23. a4 b6 24. c3 Kb7 25. Rd2 a5 26. Rad1 Bc7 27. b3 Kc8 28.
d4 cxd4 29. cxd4 Kb7 30. d5 c5 31. Kd3 Bd6 32. Kc4 Ka6 33. Rd3 Rg8 34. Bd2 Rg6
35. Rf3 Be7 36. Bc3 Rd6 37. Rf5 Rg8 38. Rd3 Bd8 39. f4 exf4 40. e5 fxe5 41.
Bxe5 Rd7 42. d6 Rg6 43. Rf8 Kb7 44. Kd5 Bc7 45. Ke4 Bxd6 46. Kf5 Rh6 47. Rf6
Rxf6+ 48. Bxf6 Kc7 49. Bxg5 Rh7 50. Bf6 c4 51. bxc4 Kc6 52. g5 Be7 1-0

[Event "Prva liga Centralne Srbije"]
[Site "Zvecan"]
[Date "2006.09.16"]
[Round "2.3"]
[White "Ikic, Alija"]
[Black "Adzic, Momcilo"]
[Result "0-1"]
[WhiteElo "2142"]
[BlackElo "2238"]
[PlyCount "142"]
[EventDate "2006.09.16"]

1. d4 Nf6 2. c4 e6 3. Nf3 d5 4. Nc3 Be7 5. Bg5 h6 6. Bh4 O-O 7. e3 b6 8. cxd5
exd5 9. Rc1 Bb7 10. Bd3 Nbd7 11. Qa4 a6 12. O-O c5 13. Bb1 Re8 14. Qc2 Rc8 15.
Rfd1 b5 16. dxc5 Rxc5 17. Qd3 Qa5 18. Nd4 Qb4 19. Qe2 Rc4 20. f3 Bf8 21. a3 Qa5
22. Ba2 Rcc8 23. Qd2 b4 24. axb4 Bxb4 25. Bb1 g6 26. Bf2 Ne5 27. Bd3 Nc4 28.
Bxc4 Rxc4 29. Nde2 Rec8 30. Qd3 Bf8 31. Nf4 Qb4 32. Rb1 Bg7 33. h4 R4c5 34. Qd2
Ra5 35. Qd3 Bc6 36. Be1 Qb7 37. Qd2 Rc5 38. Bf2 Rc4 39. Nd3 Nd7 40. Nf4 Nb6 41.
Nfe2 Rb4 42. b3 Nd7 43. Nxd5 Bxd5 44. Qxd5 Rc2 45. Qd3 Rc7 46. Qd5 Nc5 47. e4
Nxb3 48. Bg3 Rc2 49. Nf4 a5 50. Nxg6 Qb6+ 51. Kh1 Qxg6 52. Kh2 a4 53. Rg1 Bd4
54. Rgd1 Bf2 55. Be5 Rc8 56. Qd7 Qe6 57. Qxe6 fxe6 58. Rd6 Re8 59. g3 Rb5 60.
Bb2 Na5 61. Rd2 Be3 62. Re2 Bd4 63. Bxd4 Rxb1 64. Ra2 Nb3 65. Rxa4 Nxd4 66.
Rxd4 Kf7 67. f4 h5 68. Rc4 Rb5 69. Rc7+ Re7 70. Rc8 Ra7 71. Kh3 Ra2 0-1

[Event "Prva liga Centralne Srbije"]
[Site "Zvecan"]
[Date "2006.09.16"]
[Round "2.3"]
[White "Semenov, Aleksandar"]
[Black "Ristovic, Mileta"]
[Result "1-0"]
[WhiteElo "2264"]
[BlackElo "2132"]
[PlyCount "111"]
[EventDate "2006.09.16"]

1. c4 e6 2. g3 d5 3. Bg2 Nf6 4. Nf3 Be7 5. b3 O-O 6. Bb2 Nbd7 7. O-O c6 8. Qc2
Ne4 9. d3 Nd6 10. e4 dxe4 11. dxe4 Ne8 12. e5 b6 13. Nc3 Qc7 14. Ne4 Bb7 15.
Rad1 Nc5 16. Neg5 g6 17. h4 Ng7 18. b4 Na6 19. a3 Rad8 20. Ne4 Rxd1 21. Rxd1
Rd8 22. Nf6+ Bxf6 23. exf6 Ne8 24. Be5 Qc8 25. h5 c5 26. hxg6 hxg6 27. b5 Nb8
28. Ng5 Bxg2 29. Kxg2 Rxd1 30. Qxd1 Nd7 31. Bc3 Ndxf6 32. Qf3 Qd8 33. Qb7 Nd6
34. Qf3 Nf5 35. Qf4 Nd4 36. Nf3 Nh5 37. Qe3 Qa8 38. Bxd4 cxd4 39. Qxd4 Ng7 40.
g4 f5 41. gxf5 gxf5 42. Qf4 Kf7 43. Kg1 Qd8 44. Ne5+ Kf8 45. Nc6 Qd3 46. Nxa7
e5 47. Qe3 Qxc4 48. Qxe5 Qc1+ 49. Kg2 Qxa3 50. Qb8+ Kf7 51. Qxb6 Nh5 52. Qc7+
Kg6 53. Nc6 Qa4 54. Ne5+ Kf6 55. Qd6+ Kg5 56. Nf3+ 1-0

[Event "Prva liga Centralne Srbije"]
[Site "Smederevo"]
[Date "2006.09.16"]
[Round "2.4"]
[White "Nikolic, Zivoslav"]
[Black "Nikolic, Stanimir"]
[Result "1/2-1/2"]
[WhiteElo "2426"]
[BlackElo "2291"]
[PlyCount "132"]
[EventDate "2006.09.16"]

1. c4 c5 2. Nc3 Nc6 3. g3 g6 4. Bg2 Bg7 5. e3 Nh6 6. Nge2 Nf5 7. a3 h5 8. h3
Rb8 9. Rb1 b6 10. b4 Bb7 11. d3 Qc8 12. O-O O-O 13. b5 Nd8 14. e4 Nd4 15. Nd5
Re8 16. Bg5 Kf8 17. Nxd4 cxd4 18. g4 Ne6 19. Bc1 hxg4 20. Qxg4 Nc5 21. Nb4 d6
22. Qg3 Qe6 23. Nd5 Qe5 24. Bf4 Qh5 25. Bf3 Qh8 26. Bg4 e5 27. Bd2 Bxd5 28.
cxd5 Bh6 29. Bb4 Bf4 30. Qf3 Ke7 31. Bxc5 dxc5 32. Kg2 Qh7 33. Qd1 f5 34. Bf3
Kd6 35. Rh1 Qh4 36. Rb2 Rb7 37. a4 Rf8 38. a5 Rbf7 39. exf5 gxf5 40. axb6 axb6
41. Qa4 Rb8 42. Qc2 Ra7 43. Ra2 Rba8 44. Ra6 Qg5+ 45. Kf1 Rxa6 46. bxa6 Rxa6
47. Qb2 e4 48. dxe4 d3 49. Rg1 Qh6 50. Kg2 Ke7 51. exf5 Qg7+ 52. Kh1 Qe5 53.
Qb5 Qh8 54. Bg2 Ra1 55. Qxd3 Rxg1+ 56. Kxg1 Qa1+ 57. Bf1 Qg7+ 58. Bg2 Qe5 59.
Qb5 Qd6 60. Bf3 Be5 61. Qd3 Qf6 62. Kf1 Bd4 63. Qe2+ Kd6 64. Qb5 Kc7 65. Qa6
Qd6 66. Qa7+ Kd8 1/2-1/2

[Event "Prva liga Centralne Srbije"]
[Site "Smederevo"]
[Date "2006.09.16"]
[Round "2.4"]
[White "Mitrovic, Petar"]
[Black "Pap, Misa"]
[Result "1/2-1/2"]
[WhiteElo "2366"]
[BlackElo "2409"]
[PlyCount "146"]
[EventDate "2006.09.16"]

1. e4 c5 2. Nf3 Nc6 3. d4 cxd4 4. Nxd4 e5 5. Nb5 d6 6. g3 a6 7. N5c3 Nf6 8. Bg2
Bg4 9. Qd3 Nb4 10. Qd2 Rc8 11. O-O Be7 12. b3 O-O 13. Ba3 d5 14. exd5 Bf5 15.
Rc1 e4 16. Nd1 Nfxd5 17. c4 Bg5 18. Qe2 Bxc1 19. Bxc1 Nd3 20. Bd2 Nf6 21. Ne3
Bg6 22. Nc3 Bh5 23. Qf1 Ne5 24. Ncd5 Nxd5 25. Nxd5 Nf3+ 26. Bxf3 Bxf3 27. Bb4
Re8 28. Qh3 Rc6 29. Re1 b5 30. Ne3 Qc8 31. Qxc8 Rcxc8 32. cxb5 axb5 33. g4 f6
34. h3 h5 35. Kh2 hxg4 36. hxg4 Red8 37. Kg3 Kf7 38. Nf5 Rc2 39. Nd6+ Kg6 40.
a3 Rb2 41. Re3 Bd1 42. Nxe4 Rxb3 43. Nc3 Bc2 44. Nxb5 Rxe3+ 45. fxe3 Re8 46.
Nd4 Bb1 47. Bd2 Rb8 48. Bb4 Rc8 49. Bd2 Bc2 50. Kf4 Bd1 51. Bb4 Rh8 52. Kg3 Rh1
53. Nf3 Bxf3 54. Kxf3 Kg5 55. Bf8 g6 56. Be7 Rh3+ 57. Ke4 Rg3 58. Kd4 Rxg4+ 59.
e4 Rf4 60. a4 Kg4 61. Bd6 Rf1 62. a5 Ra1 63. Bc7 Kf3 64. e5 Rd1+ 65. Kc5 fxe5
66. Bxe5 Ke4 67. Bc7 Rc1+ 68. Kb6 Kd5 69. Kb7 Rb1+ 70. Bb6 Ra1 71. a6 Kc4 72.
a7 Kb5 73. Bd4 Rxa7+ 1/2-1/2

[Event "Prva liga Centralne Srbije"]
[Site "Smederevo"]
[Date "2006.09.16"]
[Round "2.4"]
[White "Jovanovic, Drasko"]
[Black "Dmitrovic, Tomislav"]
[Result "0-1"]
[WhiteElo "2261"]
[BlackElo "2274"]
[PlyCount "104"]
[EventDate "2006.09.16"]

1. d4 Nf6 2. Nf3 g6 3. g3 Bg7 4. Bg2 O-O 5. O-O d5 6. Bf4 c6 7. Qc1 Qb6 8. c4
dxc4 9. Na3 Be6 10. Nxc4 Qa6 11. b3 Bd5 12. Nfe5 Rd8 13. Rd1 Nbd7 14. Nxd7 Rxd7
15. Bh3 e6 16. Ne5 Qxe2 17. Nxd7 Nxd7 18. Qe3 Qf3 19. Qxf3 Bxf3 20. Rd2 a5 21.
Bg2 Bxg2 22. Kxg2 Bf8 23. Rc2 Nb6 24. Rb1 Nd5 25. Bd2 Bd6 26. Kf3 Kf8 27. h4 h5
28. Re1 Ke7 29. Bg5+ Kd7 30. Rec1 a4 31. Be3 axb3 32. axb3 Ra3 33. Rb1 b5 34.
Bc1 Ra6 35. Bb2 Kc7 36. Ra1 Rxa1 37. Bxa1 Kb7 38. Bc3 Bf8 39. Bd2 Bg7 40. Ke4
Kb6 41. f3 Bf6 42. Ra2 Kb7 43. Rc2 Be7 44. Rc1 Bd6 45. Rg1 Be7 46. Kd3 Kc7 47.
g4 hxg4 48. Rxg4 Kd7 49. Bg5 Bd6 50. Rg1 Nb4+ 51. Ke4 Bc7 52. Ra1 f5+ 0-1

[Event "Prva liga Centralne Srbije"]
[Site "Smederevo"]
[Date "2006.09.16"]
[Round "2.4"]
[White "Stankovic, Bozidar"]
[Black "Tosic, Nebojsa"]
[Result "1/2-1/2"]
[WhiteElo "2207"]
[BlackElo "2228"]
[PlyCount "80"]
[EventDate "2006.09.16"]

1. d4 Nf6 2. c4 c5 3. d5 b5 4. cxb5 a6 5. b6 g6 6. Nc3 d6 7. g3 Bg7 8. Bg2 O-O
9. Nf3 Nfd7 10. O-O Nxb6 11. e4 a5 12. Re1 N8d7 13. Qc2 Ba6 14. Bf4 Nc4 15. Bf1
Nce5 16. Nxe5 Nxe5 17. Bxe5 Bxe5 18. Bxa6 Rxa6 19. a4 e6 20. Rad1 Qf6 21. Re2
Bxc3 22. bxc3 Rb6 23. dxe6 Qxe6 24. Rd5 f5 25. f3 fxe4 26. fxe4 Qh3 27. Rd1 Rb7
28. Rf2 Rxf2 29. Qxf2 Rf7 30. Qd2 Qg4 31. Qxd6 Qe2 32. h4 Qe3+ 33. Kh2 Qxe4 34.
Qd5 Qe2+ 35. Kh3 h5 36. Rd2 Qe1 37. Rb2 Kg7 38. Rb7 Qf1+ 39. Kh2 Qf2+ 40. Kh3
Qf1+ 1/2-1/2

[Event "Prva liga Centralne Srbije"]
[Site "Smederevo"]
[Date "2006.09.16"]
[Round "2.4"]
[White "Rajkovic, Aleksandar"]
[Black "Tomanovic, Nikola"]
[Result "1-0"]
[WhiteElo "2148"]
[BlackElo "2219"]
[PlyCount "85"]
[EventDate "2006.09.16"]

1. c4 e5 2. Nc3 f5 3. d4 Nc6 4. Nf3 e4 5. d5 Nce7 6. Nd4 d6 7. g4 Nf6 8. g5 Nh5
9. e3 g6 10. Be2 Ng7 11. f3 h6 12. gxh6 Rxh6 13. fxe4 Ng8 14. Nf3 g5 15. Kd2
Qe7 16. Qa4+ Bd7 17. Qb4 b6 18. e5 dxe5 19. Qxe7+ Bxe7 20. Nxe5 Bd6 21. Nxd7
Kxd7 22. h3 Nf6 23. Rg1 Rg6 24. Kc2 Rh8 25. Bf1 g4 26. hxg4 Rh2+ 27. Bd2 Nxg4
28. Be2 Bc5 29. Raf1 Rh3 30. Bxg4 fxg4 31. Ne4 g3 32. Rf3 Nh5 33. b4 Be7 34. c5
Rh4 35. Kd3 g2 36. Rf2 Rgg4 37. c6+ Ke8 38. Rgxg2 Rxg2 39. Rxg2 Rh3 40. d6 Bxd6
41. Nxd6+ Ke7 42. Nf5+ Kf6 43. Rf2 1-0

[Event "Prva liga Centralne Srbije"]
[Site "Smederevska Palanka"]
[Date "2006.09.16"]
[Round "2.5"]
[White "Ristic, Nenad"]
[Black "Tosic, Miroslav"]
[Result "1-0"]
[WhiteElo "2441"]
[BlackElo "2442"]
[PlyCount "151"]
[EventDate "2006.09.16"]

1. e4 c6 2. d4 d6 3. Nc3 Nf6 4. f4 b5 5. a3 a6 6. Nf3 g6 7. e5 Ng4 8. h3 Nh6 9.
g4 d5 10. Be3 Ng8 11. Bd3 h5 12. Ng5 hxg4 13. e6 Bxe6 14. Nxe6 fxe6 15. Qxg4
Qd6 16. Bxg6+ Kd7 17. f5 Nf6 18. fxe6+ Qxe6 19. Qf3 Kc7 20. O-O-O Qxe3+ 21.
Qxe3 Bh6 22. Rde1 Nbd7 23. Nd1 Rag8 24. Bf5 Kd8 25. Nf2 Bxe3+ 26. Rxe3 Rg5 27.
Be6 Nf8 28. Rhe1 Rh7 29. a4 Kc7 30. a5 Nxe6 31. Rxe6 Kd7 32. R6e3 Kd6 33. Nd3
Ne4 34. Nb4 e5 35. c3 exd4 36. cxd4 Rg2 37. Rf3 Rh2 38. Rg1 R2xh3 39. Rg6+ Kd7
40. Rxh3 Rxh3 41. Nxc6 Rh1+ 42. Kc2 Rh2+ 43. Kb3 Rd2 44. Ne5+ Kc7 45. Rc6+ Kb7
46. Rb6+ Kc8 47. Rxa6 Rxd4 48. Rc6+ Kd8 49. Rb6 Nc5+ 50. Kc2 Rh4 51. Rxb5 Ne6
52. Rxd5+ Kc7 53. Rd7+ Kc8 54. Rd6 Nc7 55. Kb3 Nb5 56. Rc6+ Kd8 57. Rc4 Rh1 58.
Kb4 Nc7 59. Rd4+ Kc8 60. Nc4 Rh5 61. Ka4 Rh1 62. Rd6 Kb7 63. Rg6 Rc1 64. Nd6+
Ka8 65. Rg8+ Ka7 66. Nb5+ Nxb5 67. Kxb5 Rc7 68. b4 Rh7 69. Rg5 Rf7 70. Ka4 Rh7
71. Rg4 Rh1 72. Rg7+ Kb8 73. a6 Rh8 74. b5 Rh4+ 75. Ka5 Rh1 76. Rg8+ 1-0

[Event "Prva liga Centralne Srbije"]
[Site "Smederevska Palanka"]
[Date "2006.09.16"]
[Round "2.5"]
[White "Maksimovic, Branimir"]
[Black "Ristic, Nebojsa"]
[Result "0-1"]
[WhiteElo "2385"]
[BlackElo "2367"]
[PlyCount "104"]
[EventDate "2006.09.16"]

1. d4 Nf6 2. Nf3 c5 3. d5 d6 4. c4 b5 5. cxb5 a6 6. e3 g6 7. Nc3 Bg7 8. a4 O-O
9. Ra3 e6 10. dxe6 fxe6 11. Be2 d5 12. O-O Bb7 13. e4 d4 14. e5 Nfd7 15. Ng5
Qe7 16. Bc4 dxc3 17. f4 axb5 18. Bxe6+ Kh8 19. Rxc3 Bh6 20. Bd5 Bxd5 21. Qxd5
Rxa4 22. Ne6 Nb6 23. Qd6 Qxd6 24. exd6 Rc8 25. Rh3 Re4 26. f5 Bxc1 27. Rxc1 Re5
28. Nf4 Kg7 29. fxg6 hxg6 30. Rg3 g5 31. h4 N8d7 32. Nh3 Rce8 33. Rf1 Re1 34.
Rxg5+ Kh6 35. Nf4 Rxf1+ 36. Kxf1 Re5 37. Rg6+ Kh7 38. g3 Nd5 39. Rg5 Rxg5 40.
hxg5 Ne3+ 41. Ke2 Nf5 42. Kd3 Nxd6 43. b3 Kg7 44. b4 Ne5+ 45. Kc3 Ne4+ 46. Kc2
c4 47. Ne6+ Kg6 48. Nc7 Nd6 49. Kc3 Kxg5 50. Kd4 Nc6+ 51. Kc3 Ne4+ 52. Kb2 Nd4
0-1

[Event "Prva liga Centralne Srbije"]
[Site "Smederevska Palanka"]
[Date "2006.09.16"]
[Round "2.5"]
[White "Djokic, Nenad"]
[Black "Miljkovic, Miroslav"]
[Result "1/2-1/2"]
[WhiteElo "2325"]
[BlackElo "2399"]
[PlyCount "191"]
[EventDate "2006.09.16"]

1. d4 d5 2. Nf3 Nf6 3. c4 c6 4. e3 e6 5. Nc3 Nbd7 6. Qc2 h6 7. Be2 dxc4 8. Bxc4
Bd6 9. O-O O-O 10. Rd1 Qe7 11. e4 e5 12. Nh4 Nb6 13. Ng6 Qc7 14. dxe5 Bxe5 15.
Nxe5 Qxe5 16. Be2 Ng4 17. Bxg4 Bxg4 18. f3 Qc5+ 19. Qf2 Qxf2+ 20. Kxf2 Be6 21.
Be3 Nc4 22. b3 Nxe3 23. Kxe3 Rfd8 24. f4 f6 25. Rac1 Kf8 26. Na4 Ke7 27. Nc5
Rxd1 28. Rxd1 Bc8 29. f5 b6 30. Nd3 Bd7 31. g4 Be8 32. e5 fxe5 33. Nxe5 c5 34.
h4 a5 35. a4 Rc8 36. Nc4 Bf7 37. Kf4 b5 38. axb5 Rb8 39. Nxa5 Rxb5 40. Nc6+ Kf8
41. Rd8+ Be8 42. Rb8 Rxb8 43. Nxb8 Bb5 44. Ke5 c4 45. bxc4 Bxc4 46. Nd7+ Kf7
47. g5 hxg5 48. hxg5 Bd3 49. Nc5 Bc2 50. Ne6 Bb1 51. Nd4 Bd3 52. Nb3 Bc2 53.
Nc5 Bb1 54. Nb7 Bc2 55. Nd6+ Kf8 56. Nb5 Bd3 57. Nd4 Bb1 58. Ke6 Ba2+ 59. Kd6
Bb1 60. g6 Bd3 61. Kd7 Bb1 62. Ke6 Ba2+ 63. Ke5 Bb1 64. Ne6+ Kg8 65. Ng5 Bc2
66. Nf3 Bd3 67. Nd4 Bb1 68. Ne6 Bc2 69. Nf4 Bb1 70. Nd5 Kf8 71. Ke6 Ba2 72. Kd6
Bb1 73. Ne3 Bd3 74. Ke5 Bb1 75. Ng2 Bc2 76. Nf4 Bb1 77. Ne6+ Kg8 78. Kf4 Bc2
79. Kg5 Bb1 80. Kf4 Bc2 81. Ke5 Bb1 82. Nf4 Bc2 83. Nd5 Kf8 84. Nf4 Bb1 85. Ng2
Bd3 86. Nh4 Ke7 87. Ng2 Kf8 88. Nf4 Bb1 89. Ke6 Ba2+ 90. Kd7 Bb1 91. Ne6+ Kg8
92. Nd4 Kf8 93. Kd8 Bd3 94. Kd7 Bb1 95. Kd6 Bd3 96. Ne6+ 1/2-1/2